00518nam a22001697a 4500003000400000005001700004008004100021040000700062082001400069100002400083245004000107260004000147300000800187942001800195999001500213952012000228OSt20210915093239.0210915b |||||||| |||| 00| 0 eng d chu a306.7 tal ayonina talmon93763 afamily and community in the kibbutz acambridge,massachusettsbhallc1972 a266 2ddccBOOKSn0 c3973d3973 00102ddc4070a008b008cGENd2021-09-15l0o306.7 talpSHLIB 00002505r2021-09-15 00:00:00t1w2021-09-15yBOOKS